00461nam a2200133Ia 4500082001200000100002200012245010400034260003600138300001000174650004400184650003900228650004400267710001600311 aTT.0096 aTalesra, Hem Lata 0aHigher education among women : An analysis of the situation of higher education at a district level c1983bM.S. University of Baroda a421p. aEDUCATION, HIGHER - RAJASTHAN - UDAIPUR aWOMEN - SOCIAL AND MORAL QUESTIONS aWOMEN - EDUCATION - RAJASTHAN - UDAIPUR aJoshi, D.C.